Capitals with letter U as Second Letter - Statistics

General Stats
  • This quiz has been taken 495 times
    487 since last reset
  • The average score is 14 of 20
Answer Stats
Capital % Correct
Budapest
80%
Lusaka
79%
Bucharest
78%
Funafuti
78%
Luanda
77%
Juba
72%
Suva
72%
Kuwait City
71%
Tunis
71%
Dublin
69%
Kuala Lumpur
69%
Dushanbe
68%
Quito
68%
Guatemala City
66%
Muscat
63%
Ouagadougou
63%
Buenos Aires
62%
Nukuʻalofa
58%
Luxembourg
56%
Sucre
45%
No matching quizzes found
Score Distribution
Percent of People with Each Score
Percentile by Number Answered
Your Score History
You have not taken this quiz since the last reset